| 000 | 00849nam0a22002531 4500 | ||
|---|---|---|---|
| 001 | rc\4517713 | ||
| 005 | 20250611190210.0 | ||
| 021 |
_aRU _bРг7492-63 |
||
| 035 | _a(NLR Aleph) 008349580 | ||
| 090 |
_a8928912 _c8928912 |
||
| 100 | _a20130416d1962 |||y0rusy50 ca | ||
| 101 | 0 | _arus | |
| 102 | _aRU | ||
| 105 | _ay z ||||| | ||
| 200 | 1 |
_aАтлас аэродинамических характеристик планерных крыловых профилей _fГос. ком. Совета Министров СССР по авиац. технике |
|
| 210 |
_a[Москва] _cБ. и. _d1962 |
||
| 215 |
_a44 с. _cграф. _d21х26 |
||
| 700 | 1 |
_aКашафутдинов _bС.Т. |
|
| 701 | 1 |
_aКаликина _bР.В. |
|
| 801 | 0 |
_aRU _bNLR _gpsbo |
|
| 801 | 1 |
_aRU _bELAR _2rusmarc |
|
| 852 |
_aNLR _j63-7/2800 |
||
| 942 | _cBOOK | ||
| 980 | _aNB | ||